000 00551nam a22002057a 4500
001 00028744
005 20260413074648.0
008 260413b ag ||||| |||| 00| 0 spa d
020 _a9780099549482
040 _aAR-CcCEOS
_bspa
_cAR-CcCEOS
041 _aspa
080 _a820-3(73)=20
090 _bHAR
100 1 _aHarper, Lee
_91042
245 _aTo Kill a Mockingbird /
_cHarper Lee
264 _aUk :
_bPenguin Random House,
_cc1960.
300 _a309 p. ;
_c19x12 cm.
655 0 _aliteratura inglesa
_vnovela
_9904
942 _2udc
_cBK
_n0
999 _c28779
_d28779